| 000 | 00359nam a2200157Ia 4500 | ||
|---|---|---|---|
| 100 | _aIngham/David | ||
| 650 | _aGeneral | ||
| 942 | _cRB | ||
| 654 | _aTax Guide | ||
| 245 | _aDavid Ingram''''s The Ultimate Year Round Tax Guide | ||
| 260 |
_bHanock House Pub. _aSurrey _c1990 |
||
| 082 |
_a336.2 _bTay |
||
| 300 | _a255 | ||
| 546 | _aENGLISH | ||
| 999 |
_c30761 _d30761 |
||